[Event "WALTON BAN-chT 2019"]
[Site "Bangladesh"]
[Date "2019.12.15"]
[Round "7.6"]
[White "Pranav, Shetty"]
[Black "Safarli, Eltaj"]
[Result "0-1"]
[WhiteElo "2162"]
[BlackElo "2601"]
[Annotator "TA"]
[PlyCount "100"]
[EventDate "2019.12.07"]
[EventType "team-tourn"]
[EventCountry "BAN"]
[SourceTitle "playchess.com"]
[Source "ChessBase"]
[SourceQuality "1"]

{[%evp 23,100,37,38,40,46,42,41,35,34,0,12,-3,-3,-9,0,-8,-10,-28,-27,-35,-22,-42,-45,-46,-30,-73,0,-125,-111,-150,-39,-98,-106,-132,-145,-145,-141,-164,-147,-204,-227,-218,-199,-174,-136,-206,-206,-212,-214,-214,-214,-212,-212,-195,-179,-237,-210,-202,-114,-198,-136,-285,-288,-417,-399,-636,-612,-576,-506,-1235,-1152,-1254,-1165,-997,-909,-12841,-12842,-12842,-12843]} 1. e4 c5 2. Nf3 Nc6 3. d4 cxd4 4. Nxd4 Qb6 5. Nb3 Nf6 6. Nc3 e6 7. Bd3 a6 8. O-O Qc7 9. f4 d6 10. Qf3 Be7 11. Be3 O-O 12. Rae1 Nb4 13. a3 {B33: Sicilian: Pelikan and Sveshnikov Variations} Nxd3 14. cxd3 {[#]} e5 $146 ({Predecessor:} 14... Bd7 15. Rc1 Qd8 16. Nd4 Qa5 17. Nb3 Qd8 18. Nd4 Qa5 19. h3 Rac8 20. Rc2 e5 21. Nf5 Bxf5 22. exf5 Rc6 23. g4 {1-0 (63) Barlow,J (2450)-Stephan,J (2557) ICCF email 2008}) 15. Rc1 {White is slightly better.} Qd8 16. h3 Be6 17. Na1 exf4 18. Bxf4 Rc8 19. Be3 d5 {Strongly threatening ...d4.} 20. e5 Nd7 $36 {[%mdl 2048] Black fights for an advantage.} 21. Bd4 Nb8 22. Nc2 Nc6 23. Kh1 Na5 24. Qf2 {Bb6 is the strong threat.} Bh4 (24... Nb3 $17 25. Rcd1 Qd7) 25. Qg1 (25. g3 $11 Bg5 26. Bb6) 25... Nb3 $17 26. Rcd1 {[#]} Qg5 (26... Bg4 $1 $17 {[%mdl 512]} 27. Bb6 (27. hxg4 $2 Bg3 $19) 27... Qe7) 27. Qe3 (27. Ne1 $15) 27... Rfd8 {aiming for ...Qxe3.} 28. Qxg5 Bxg5 29. Kh2 Rd7 30. Kg3 b5 31. Bf2 (31. Bg1 $17) 31... d4 $19 32. Ne4 Rxc2 33. Nxg5 Rxb2 {Hoping for ...Ra2.} 34. Nxe6 (34. Rb1 $17 Rxb1 35. Rxb1) 34... fxe6 35. Rb1 Rxb1 36. Rxb1 {[%mdl 4096] Endgame KRB-KRN} Nc5 37. Rd1 Rd5 38. Kf4 Nd7 39. Re1 (39. Ke4 $142) 39... h6 40. Bg3 Rc5 (40... Kf7 $19 41. Kf3 a5) 41. Re4 (41. Bf2 $17 {might work better.}) 41... Nb6 (41... g5+ $19 42. Kf3 Rd5) 42. Rxd4 (42. Be1 $17 {is the only way for White.}) 42... Nd5+ 43. Ke4 (43. Kf3 $142 Rc1 44. Bf2) 43... Rc2 44. Rxd5 (44. Kf3 $142 Ra2 45. Bf4) 44... exd5+ {Black is clearly winning.} 45. Kxd5 {KR-KB} Rc3 46. Ke4 (46. Kd4 $142 Rxa3 47. e6) 46... Rxa3 47. e6 b4 {[%cal Bb5b4,Bb4b3][%mdl 32]} 48. Bd6 Ra2 49. d4 b3 50. Kd3 Rxg2 {Accuracy: White = 24%, Black = 79%.} 0-1

[Event "WALTON BAN-chT 2019"]
[Site "Bangladesh"]
[Date "2019.12.15"]
[Round "7.7"]
[White "Mollah Abdullah, Al Rakib"]
[Black "Shawket Bin, Osman Shaon"]
[Result "1-0"]
[WhiteElo "2461"]
[BlackElo "2006"]
[Annotator "TA"]
[PlyCount "57"]
[EventDate "2019.12.07"]
[EventType "team-tourn"]
[EventCountry "BAN"]
[SourceTitle "playchess.com"]
[Source "ChessBase"]
[SourceQuality "1"]

{[%evp 20,97,24,-6,0,-13,52,0,27,12,60,22,165,55,47,58,64,44,127,127,107,124,154,142,387,349,535,484,676,754,727,727,719,716,1300,720,707,692,681,664,627,317,558,140,342,141,136,140,131,25,545,510,454,580,577,570,450,335,322,306,599,593,948,948,906,891,866,683,5477,4781,1859,1859,4690,2868,29974,29975,29969,29958,29984,29985]} 1. d4 d5 2. c4 e6 3. Nc3 Nf6 4. Bg5 Nbd7 5. e3 c6 6. Nf3 Bd6 7. cxd5 exd5 8. Bd3 O-O 9. Qc2 h6 10. Bh4 Re8 11. O-O-O Qa5 {D36: Queen's Gambit Declined: Exchange Variation: Main line (5 Bg5 c6 6 Qc2)} 12. Kb1 b5 (12... Ne4 $11) 13. Rc1 Ba6 {The position is equal.} 14. Nd2 Rac8 15. Bf5 Rc7 {[#]} (15... b4 $1 $11 {and Black is okay.} 16. Nb3 Qc7) 16. g4 $146 ({Better is} 16. e4 $1 $18) ({Predecessor:} 16. Bg3 Bxg3 17. hxg3 Bc8 18. Nb3 Qb6 19. a4 {1-0 (36) Kacheishvili,G (2613)-Schneider,C (2165) Las Vegas 2009}) 16... b4 $14 17. Nb3 Qb6 18. Na4 $36 {[%mdl 2048] White has good play.} Qb8 (18... Qb5 $14 19. Nac5 Bxc5 20. Nxc5 Nxc5 21. Qxc5 Ne4 22. Bxe4 Rxe4) 19. g5 $16 hxg5 20. Bxg5 Ne4 21. Rhg1 Bb5 $2 (21... Nxg5 $16 22. Rxg5 Be7) 22. Bh6 $18 Bf8 (22... Ng3 {was worth a try.} 23. Bxg7 (23. hxg3 gxh6 24. Nac5 Nxc5 $18) 23... Kxg7) 23. f3 Nd6 {[#]} 24. Rxg7+ $3 {[%mdl 512]} Bxg7 25. Rg1 Kf8 26. Rxg7 {Hoping for Bxd7.} Ke7 27. Bxd7 Kxd7 28. Nac5+ Kc8 29. Qg2 {Played: Bh6-f4} 1-0

[Event "WALTON BAN-chT 2019"]
[Site "Bangladesh"]
[Date "2019.12.15"]
[Round "7.8"]
[White "Hossain, Showkat Pollab"]
[Black "Rahman, Ziaur"]
[Result "1-0"]
[WhiteElo "2088"]
[BlackElo "2440"]
[Annotator "TA"]
[PlyCount "127"]
[EventDate "2019.12.07"]
[EventType "team-tourn"]
[EventCountry "BAN"]
[SourceTitle "playchess.com"]
[Source "ChessBase"]
[SourceQuality "1"]

{[%evp 16,127,10,12,42,-1,-10,-2,0,0,0,-31,-28,-43,-46,-44,-39,-45,-47,-46,-33,-35,-33,-29,-14,-36,-32,-34,-32,-30,-32,-36,-44,-41,-43,-42,-52,-44,-20,-26,-19,-24,-20,-16,-12,-14,-13,-12,-14,-14,-9,-71,-63,-53,-27,-30,218,224,230,237,238,231,224,224,214,229,308,310,352,359,359,334,359,335,342,342,341,331,317,302,302,272,577,539,537,525,587,580,516,458,604,601,551,538,509,481,429,399,805,790,895,749,816,804,1219,1218,1478,1369,1404,1264,1349,1308,29984,29985]} 1. e4 c6 2. d4 d5 3. Nc3 dxe4 4. Nxe4 Nf6 5. Nxf6+ exf6 6. Bc4 Bd6 7. Ne2 O-O 8. O-O Qc7 9. Ng3 Nd7 {B15: Caro-Kann: 3 Nc3: 3...g6 and 3...dxe4 4 Nxe4 Nf6 5 Nxf6+ exf6} 10. Qf3 (10. a4 Nb6 11. Bb3 a5 12. c3 Re8 13. Qd3 Be6 14. c4 Bf8 15. Bc2 g6 16. b3 f5 17. Bb2 {0-1 (34) Fruebing,S (2406)-Levin,F (2470) Leer 2018}) 10... c5 11. Bd3 $1 cxd4 $146 {The position is equal.} ({Predecessor:} 11... Re8 12. dxc5 Nxc5 13. Bb5 Bd7 14. Bxd7 Nxd7 {½-½ (14) Unzicker,W-Donner,J Bad Pyrmont 1951}) 12. Qe4 {[%csl Gd3][%cal Re4h7][%mdl 64] [#] Double Attack} g6 13. Qxd4 Ne5 14. Ne4 Be7 $1 15. Nc3 Be6 16. Bf4 Rfd8 17. Qe3 Qc5 18. Qxc5 Bxc5 19. Be4 g5 20. Bxe5 (20. Be3 {is interesting.} Bxe3 21. fxe3 Kg7 22. b3 Ng4 23. Rfe1) 20... fxe5 21. Na4 Be7 22. Bxb7 Rab8 23. Bf3 g4 {[%mdl 1024] Black has compensation.} 24. Be2 Rb4 25. b3 Rd2 26. Bd1 e4 27. c3 Rb8 28. Re1 Rbd8 29. b4 f5 30. Bb3 Kf7 31. Kf1 h5 32. Re2 R2d3 33. Ke1 (33. Bc2 $11) 33... h4 34. Bc2 h3 35. g3 Bd7 $2 (35... R3d7 $11 {and Black is okay.}) 36. Bxd3 $18 exd3 {[#]} 37. Rxe7+ $1 Kxe7 {[%mdl 4096] Endgame KRB-KRN} 38. Nc5 f4 39. Nxd3 fxg3 40. fxg3 Bc6 41. Ne5 Bf3 42. Nxf3 gxf3 {KR-KR} 43. Kf2 Rd3 44. Re1+ Kf6 45. Re3 Rd2+ 46. Kxf3 Rxh2 47. Kg4 Rxa2 48. Kxh3 Rc2 $2 (48... a5 {is tougher.} 49. bxa5 Rxa5) 49. Kg4 Rc1 50. Kf4 Rf1+ 51. Ke4 {Rf3+ is the strong threat.} Ke6 52. Rf3 Rd1 53. Rd3 Re1+ 54. Kd4 {Black must now prevent Re3+.} Kd6 55. Kc4+ Kc6 56. g4 Rg1 $2 (56... Re4+ 57. Rd4 Re5) 57. Rd4 Rg3 58. Rf4 Kd6 59. b5 Ke5 60. Rd4 Ke6 61. Kb4 Rg1 62. c4 Ra1 63. Kc5 Ra4 64. Rd6+ {Accuracy: White = 76%, Black = 54%.} 1-0

[Event "WALTON BAN-chT 2019"]
[Site "Bangladesh"]
[Date "2019.12.15"]
[Round "7.9"]
[White "Mehdi Hasan Parag"]
[Black "Mohammad Minhaz Uddin"]
[Result "1-0"]
[WhiteElo "2169"]
[BlackElo "2324"]
[Annotator "TA"]
[PlyCount "151"]
[EventDate "2019.12.07"]
[EventType "team-tourn"]
[EventCountry "BAN"]
[SourceTitle "playchess.com"]
[Source "ChessBase"]
[SourceQuality "1"]

{[%evp 15,151,29,32,30,34,33,37,0,-3,-17,-19,-43,0,-30,12,-6,-6,-6,-4,-22,16,0,0,8,33,0,0,0,-13,-22,-14,-53,-48,-50,-45,-70,-80,-82,-71,-75,-86,-81,-16,-94,0,-14,-8,-22,0,-23,-3,-8,-8,-10,-12,-17,0,0,0,0,0,-12,-15,-7,0,0,0,0,0,0,17,0,0,0,0,0,0,0,0,0,0,0,0,0,0,0,0,0,0,0,82,82,84,89,102,102,102,102,139,139,139,139,527,499,485,466,12829,12829,12844,12840,12841,186,1156,476,393,395,12839,12839,12840,12840,12841,12840,12841,12841,12844,12844,12847,12843,12844,12844,12850,12850,12850,12851,12851,12851,12851,27999]} 1. e4 e5 2. Nf3 Nf6 3. Nxe5 d6 4. Nf3 Nxe4 5. Nc3 Nxc3 6. dxc3 Be7 7. Be3 Nc6 8. Qd2 Be6 9. O-O-O {C42: Petroff Defence: 3 Nxe5 and unusual White 3rd moves} Qd7 ({Don't blunder} 9... Bxa2 $2 10. b3 $18) 10. a3 (10. h4 h6 11. Nd4 Nxd4 12. Bxd4 Rg8 13. c4 c5 14. Bc3 O-O-O 15. Qe3 g5 16. hxg5 hxg5 {½-½ (71) Caruana,F (2819)-So,W (2754) Stavanger 2019}) 10... a6 11. Nd4 {White is slightly better.} Nxd4 12. Bxd4 O-O 13. h3 $146 ({Predecessor:} 13. Rg1 Qa4 14. f4 c5 15. Bf2 b5 16. Re1 Bf6 {0-1 (25) Vega Gutierrez,S (2391)-Kashlinskaya,A (2477) Antalya 2019}) 13... Rfd8 14. Be3 Qa4 15. Be2 d5 16. Kb1 c5 17. Bg4 Bf8 18. Qe2 Re8 19. Bxe6 fxe6 20. Rhe1 Qc6 21. Bf4 b5 22. Be5 a5 23. Qf3 c4 24. Qg4 b4 25. cxb4 axb4 26. axb4 Qa4 {[%csl Ga8][%cal Ra4a1]} 27. Kc1 Qxb4 {[%cal Ra8a1]} 28. Bc3 Qb6 (28... Qe7 $17) 29. Re3 (29. Re2 $11) 29... Ra1+ ({Black should try} 29... g6 $1 $17 {aiming for ...Bh6.} 30. Bd4 Qa6) 30. Kd2 $11 Ra7 {White must now prevent ...Bc5.} 31. Ke2 Rf7 32. Bd4 Bc5 33. Bxc5 Qxc5 34. Qd4 Qb5 35. Ke1 Rf6 36. Ra1 Qb4+ 37. Kf1 Qd6 38. Re5 Ref8 {...Rf4 is the strong threat.} 39. f3 Rf4 40. Qe3 R4f6 41. c3 h6 42. Re1 {[%cal Re5e6]} Kf7 43. Kg1 Rb8 44. Qa7+ Kg6 45. Rxe6 Rxe6 46. Rxe6+ Qxe6 47. Qxb8 {[%mdl 4096] Endgame KQ-KQ} Qe3+ 48. Kh2 {Threatens to win with Qd6+.} Kh7 49. Qd6 Qd2 50. Qb8 Qe3 51. h4 Qe1 52. Qf4 Qb1 (52... Qf2 $1 $11 {remains equal.}) 53. Qd2 $16 Qd3 {[#]} 54. Qf2 $1 Qb1 55. h5 Qc1 56. g4 Kh8 57. Kg3 Kg8 58. Qd4 Qg5 $2 {[%mdl 8192]} (58... Qe1+ $16 59. Kf4 Qe6) 59. f4 $18 Qd8 60. Qe5 Kh8 (60... Qb6 $142 61. Qxd5+ {[%mdl 64] Double Attack} Kh8 62. Qa8+ Kh7 63. Qe4+ Kh8 64. Qe8+ Kh7) 61. g5 hxg5 62. fxg5 Qb6 63. Qd4 $2 (63. Kf3 Kh7 64. Qf5+ Kg8 65. Qxd5+ Kh7 66. Qf5+ Kh8 67. g6 Qb7+ 68. Ke3 Qb6+ 69. Ke4) 63... Qb8+ $2 (63... Qxb2 64. Qxd5 Qa1) 64. Kg4 (64. Qf4 $142 Qe8 65. g6) 64... Qc8+ 65. Kh4 {And now h6 would win.} Qb8 $2 (65... Qc7 66. h6 Qh2+ 67. Kg4 Qg2+ 68. Kf5 Qh3+ 69. Ke5 gxh6 70. Kxd5+ Kh7 71. Qe4+ (71. Qxc4 Qf5+ 72. Kd4 Qf4+ 73. Kc5 Qf8+ 74. Kb6 hxg5 $16) (71. Kxc4 Qc8+ 72. Kd3 hxg5 $18) 71... Kg7 72. Qe7+ (72. Kxc4 Qc8+ 73. Kd3 hxg5 $16) (72. Qxc4 Qf5+ 73. Kd4 hxg5 $16) 72... Kg8 73. gxh6 (73. Kxc4 Qg4+ 74. Kb5 hxg5 $18) 73... Qf3+ 74. Kxc4 Qc6+ 75. Qc5 Qa6+ 76. Kd5 Qxh6 77. Qc8+ Kg7 78. Qc7+ Kh8 79. Qe5+ Kh7) 66. h6 {[%csl Gh6][%cal Rd4g7] White is clearly winning.} Qh2+ {[#]} 67. Kg4 $1 {[%csl Gh6][%cal Rd4g7]} Qg2+ 68. Kf4 {[%csl Gh6][%cal Rd4g7]} Qh2+ {[#]} 69. Kf5 $1 {[%csl Gh6][%cal Rd4g7]} Qc2+ 70. Ke5 gxh6 71. Kxd5+ Kh7 72. gxh6 Kxh6 73. Qb6+ Kh5 74. Kxc4 Qe2+ 75. Kb3 Qd1+ 76. Kb4 {Accuracy: White = 51%, Black = 49%.} 1-0

[Event "WALTON BAN-chT 2019"]
[Site "Bangladesh"]
[Date "2019.12.15"]
[Round "7.10"]
[White "Ahmed, Sheikh Nasir"]
[Black "Chowdhury, Sohel"]
[Result "1-0"]
[WhiteElo "2187"]
[BlackElo "2088"]
[Annotator "RC"]
[PlyCount "145"]
[EventDate "2019.12.07"]
[EventType "team-tourn"]
[EventCountry "BAN"]
[SourceTitle "playchess.com"]
[Source "ChessBase"]
[SourceQuality "1"]
[TimeControl "5400+30"]

1. e4 {[%emt 0:00:00]} c6 {[%emt 0:00:00]} 2. d4 {[%emt 0:00:00]} d5 {[%emt 0:00:08]} 3. e5 {[%emt 0:00:00]} Bf5 {[%emt 0:02:40]} 4. Nf3 {[%emt 0:00:13]} e6 {[%emt 0:00:33]} 5. Be2 {[%emt 0:00:28]} c5 {[%emt 0:00:59]} 6. Be3 {[%emt 0:00:31]} cxd4 {[%emt 0:00:02]} 7. Nxd4 {[%emt 0:00:10]} Ne7 {[%emt 0:00:12]} 8. O-O {[%emt 0:00:28]} Nbc6 {[%emt 0:01:50]} 9. Bb5 {[%emt 0:00:27]} a6 {[%emt 0:02:21]} 10. Bxc6+ {[%emt 0:00:06]} Nxc6 {[%emt 0:06:30]} 11. Nxf5 {[%emt 0:00:16]} exf5 {[%emt 0:00:02]} 12. c3 {[%emt 0:00:16]} Be7 {[%emt 0:04:15]} 13. Re1 {[%emt 0:01:23]} O-O {[%emt 0:01:42]} 14. Bd4 {[%emt 0:00:49]} Qd7 {[%emt 0:04:10]} 15. Qd3 {[%emt 0:00:38]} Rfe8 {[%emt 0:00:46]} 16. Nd2 {[%emt 0:00:12]} Bf8 {[%emt 0:00:37]} 17. Nf3 {[%emt 0:02:19]} g6 {[%emt 0:00:37]} 18. Nd2 {[%emt 0:18:49]} Rac8 {[%emt 0:06:59]} 19. Rad1 {[%emt 0:00:51]} Qc7 {[%emt 0:02:53]} 20. Nb3 {[%emt 0:07:48]} Nxe5 {[%emt 0:05:46]} 21. Bxe5 {[%emt 0:00:46]} Rxe5 {[%emt 0:00:20]} 22. Rxe5 {[%emt 0:00:03]} Qxe5 {[%emt 0:00:02]} 23. Qxd5 {[%emt 0:00:44]} Qe2 {[%emt 0:00:22]} 24. Qd2 {[%emt 0:01:29]} Re8 {[%emt 0:58:14]} 25. g3 {[%emt 0:00:55]} Bh6 {[%emt 0:00:00]} 26. Qxe2 {[%emt 0:10:30]} Rxe2 {[%emt 0:00:00]} 27. Rb1 {[%emt 0:00:06]} f4 {[%emt 0:00:00]} 28. Kf1 {[%emt 0:00:22]} Re7 {[%emt 0:00:00]} 29. g4 {[%emt 0:06:58]} Bg5 {[%emt 0:02:30]} 30. Rd1 {[%emt 0:01:31]} Kg7 {[%emt 0:00:00]} 31. Nd4 {[%emt 0:04:36]} Bf6 {[%emt 0:00:00]} 32. Nf3 {[%emt 0:00:38]} h6 {[%emt 0:00:00]} 33. Re1 {[%emt 0:07:34]} Rd7 {[%emt 0:00:00]} 34. Ke2 {[%emt 0:00:12]} g5 {[%emt 0:00:00]} 35. Rd1 {[%emt 0:00:27]} Re7+ {[%emt 0:00:00]} 36. Kd3 {[%emt 0:00:15]} b5 {[%emt 0:00:00]} 37. Rd2 {[%emt 0:04:10]} Re6 {[%emt 0:00:00]} 38. Re2 {[%emt 0:09:50]} Rd6+ {[%emt 0:00:00]} 39. Kc2 {[%emt 0:00:14]} Rc6 {[%emt 0:00:00]} 40. Re4 {[%emt 0:01:04]} Rd6 {[%emt 0:00:00]} 41. a4 {[%emt 0:00:31]} bxa4 {[%emt 0:00:00]} 42. Rxa4 {[%emt 0:00:16]} Re6 {[%emt 0:00:00]} 43. Kd3 {[%emt 0:01:51]} Rd6+ {[%emt 0:00:00]} 44. Nd4 {[%emt 0:01:09]} Kg6 {[%emt 0:00:00]} 45. Rc4 {[%emt 0:00:56]} Bxd4 {[%emt 0:00:00]} 46. Rxd4 {[%emt 0:00:41]} Rb6 {[%emt 0:00:00]} 47. b4 {[%emt 0:00:45]} f5 {[%emt 0:00:00]} 48. gxf5+ {[%emt 0:05:08]} Kxf5 {[%emt 0:00:00]} 49. h3 {[%emt 0:00:20]} Ke5 {[%emt 0:04:23]} 50. Rd8 {[%emt 0:02:53]} Kf5 {[%emt 0:01:58]} 51. Rd5+ {[%emt 0:00:19]} Kg6 {[%emt 0:01:05]} 52. Kc4 {[%emt 0:09:24]} Kh5 {[%emt 0:00:36]} 53. Kb3 {[%emt 0:00:09]} Kh4 {[%emt 0:00:50]} 54. Rd3 {[%emt 0:00:01]} g4 {[%emt 0:00:36]} 55. hxg4 {[%emt 0:04:59]} Kxg4 {[%emt 0:00:10]} 56. c4 {[%emt 0:00:00]} h5 {[%emt 0:00:12]} 57. c5 {[%emt 0:00:00]} Rb8 {[%emt 0:01:04]} 58. Kc4 {[%emt 0:00:00]} h4 {[%emt 0:00:24]} 59. Rd6 {[%emt 0:00:00]} Kf3 {[%emt 0:01:42]} 60. Rh6 {[%emt 0:00:00]} Kxf2 {[%emt 0:00:17]} 61. Rxh4 {[%emt 0:00:00]} Ke3 {[%emt 0:01:30]} 62. Rh6 {[%emt 0:00:00]} Ra8 {[%emt 0:00:44]} 63. c6 {[%emt 0:00:00]} f3 {[%emt 0:00:09]} 64. Re6+ {[%emt 0:00:00]} Kf4 {[%emt 0:00:19]} 65. Rf6+ {[%emt 0:00:00]} Ke3 {[%emt 0:00:24]} 66. Kc5 {[%emt 0:00:00]} f2 {[%emt 0:00:17]} 67. c7 {[%emt 0:00:00]} Ke2 {[%emt 0:00:31]} 68. Kb6 {[%emt 0:00:00]} f1=Q {[%emt 0:01:32]} 69. Rxf1 {[%emt 0:00:00]} Kxf1 {[%emt 0:00:08]} 70. Kb7 {[%emt 0:00:00]} Rf8 {[%emt 0:01:00]} 71. c8=Q {[%emt 0:00:00]} Rxc8 {[%emt 0:00:32]} 72. Kxc8 {[%emt 0:00:00]} Ke2 {[%emt 0:00:33]} 73. Kb7 {[%emt 0:00:00]} 1-0

[Event "WALTON BAN-chT 2019"]
[Site "Bangladesh"]
[Date "2019.12.15"]
[Round "7.11"]
[White "Akshat, Khamparia"]
[Black "Abu Sufian, Shakil"]
[Result "1-0"]
[WhiteElo "2399"]
[BlackElo "2256"]
[Annotator "TA"]
[PlyCount "65"]
[EventDate "2019.12.07"]
[EventType "team-tourn"]
[EventCountry "BAN"]
[SourceTitle "playchess.com"]
[Source "ChessBase"]
[SourceQuality "1"]

{[%evp 21,65,0,0,8,26,19,14,13,103,94,362,369,371,342,330,339,366,368,350,360,352,296,293,277,294,297,285,292,281,281,291,275,305,295,283,300,283,247,496,248,496,474,494,487,619,614]} 1. d4 d5 2. c4 c6 3. Nf3 Nf6 4. Qc2 dxc4 5. Qxc4 Bf5 6. g3 e6 7. Bg2 Nbd7 8. O-O Be7 9. Nc3 O-O 10. Re1 Ne4 11. Qb3 Qb6 12. Nh4 {D23: Queen's Gambit Accepted: 3 Nf3 Nf6 sidelines} Bb4 ({Don't blunder} 12... Qxd4 $2 13. Nxe4 (13. Be3 Qb4 $16) 13... Bxe4 14. Rd1 $18) (12... Bxh4 {keeps more tension.} 13. gxh4 Ndf6 14. f3 Nxc3 15. bxc3 Bg6) 13. Nxf5 exf5 {[#]} 14. Rb1 $146 {The position is equal.} ({Predecessor:} 14. Bxe4 fxe4 15. Rd1 Rfe8 16. Be3 Nf6 17. d5 Bc5 18. Bxc5 Qxc5 19. Rac1 Qe7 20. dxc6 bxc6 {½-½ (66) Miroshnichenko,E (2626)-Bu,X (2671) Germany 2007}) 14... Bxc3 (14... Ndf6 $11 {remains equal.}) 15. bxc3 $16 Nxc3 $2 {[%mdl 8192]} (15... Qxb3 $16 16. Rxb3 Nb6) 16. Qxc3 $18 Qxb1 {[#]} 17. Bb2 $1 Qxa2 {aiming for ...Nf6.} 18. d5 $1 {[%csl Gb2][%cal Rc3g7][%mdl 64] Discovered Attack} Ne5 {White must now prevent ...f6.} 19. Ra1 ({Not} 19. Qxe5 f6 $16) 19... Qc4 {Threatens to win with ...Rfe8.} 20. Qxe5 {[%csl Gb2][%cal Re5g7][%mdl 64] Double Attack} f6 21. Qe6+ Kh8 22. Qxf5 cxd5 23. Bxd5 Qb5 24. Bd4 Rad8 25. e4 a6 26. g4 Qd3 27. Bb6 Qc3 28. Rb1 Qc2 29. Rb3 $40 {[%mdl 128] White has strong attack.} Qd1+ 30. Kg2 g6 $2 (30... Rxd5 {was worth a try.} 31. Qxd5 Qxg4+ 32. Rg3 Qc8) 31. Qf3 {White is clearly winning.} Qxf3+ 32. Rxf3 ({Resist} 32. Kxf3 Rd7 $18) 32... Rd7 {[#]} 33. g5 $1 {[%mdl 512] Accuracy: White = 96%, Black = 51%.} 1-0

[Event "WALTON BAN-chT 2019"]
[Site "Bangladesh"]
[Date "2019.12.15"]
[Round "7.12"]
[White "Subrota, Biswas"]
[Black "Rakesh Kumar Jena"]
[Result "1-0"]
[WhiteElo "2134"]
[BlackElo "2335"]
[Annotator "TA"]
[PlyCount "67"]
[EventDate "2019.12.07"]
[EventType "team-tourn"]
[EventCountry "BAN"]
[SourceTitle "playchess.com"]
[Source "ChessBase"]
[SourceQuality "1"]

{[%evp 12,89,5,9,36,31,45,39,28,27,78,102,87,84,106,61,78,86,71,81,81,85,78,71,60,60,61,54,48,29,43,31,43,10,33,19,82,89,324,102,265,245,237,74,68,69,152,158,150,139,177,160,192,194,374,301,469,479,448,419,492,408,407,392,353,318,314,287,641,644,799,835,29988,29989,29989,29990,29990,29991,29992,29993]} 1. d4 Nf6 2. Nf3 e6 3. c4 b6 4. a3 Bb7 5. Nc3 d5 6. cxd5 exd5 7. g3 a6 {E12: Queen's Indian: Unusual White 4th moves, 4 a3, 4 Nc3 Bb7 5 a3 and 4 Nc3 Bb7} (7... Be7 8. Qa4+ c6 9. Ne5 O-O 10. Bg2 Nfd7 11. Nd3 Na6 12. O-O Nc7 13. e4 dxe4 14. Nxe4 Nd5 15. Bd2 a5 16. Rfe1 Rc8 17. Rac1 Ba6 18. Ne5 {½-½ (47) Wojtaszek,R (2730)-Klekowski,M (2509) Poland 2018}) 8. Bg2 Bd6 9. O-O O-O {White is slightly better.} 10. Nh4 Re8 (10... h6 $11) 11. Bg5 $16 Be7 12. Nf5 Bf8 13. Qb3 $146 ({Predecessor:} 13. Qc2 Re6 14. e4 dxe4 15. Nxe4 Bxe4 16. Bxe4 {1-0 (47) Orsag,M (2332)-Jaeger,D (2280) Germany 2017}) 13... h6 14. Bxf6 $1 Qxf6 15. Ne3 Qxd4 16. Ncxd5 Qe5 17. Rad1 Ra7 18. Nc4 Qf5 19. e4 Qc8 $1 20. Nce3 Nd7 21. Qc2 {Strongly threatening Bh3.} c6 22. Nf4 {aiming for Bh3.} Ne5 23. Nf5 Qb8 (23... c5 $11) 24. Nh5 {f4 is the strong threat.} c5 $2 (24... Bc8 $16 {was called for.}) 25. Qc3 $2 (25. f4 $18 {and the rest is easy.}) 25... f6 $2 (25... Bc8 $16 {keeps fighting.}) 26. f4 Nf7 27. Nxf6+ $2 (27. Qc4 $18 {has better winning chances. Hoping for Nxh6+!} Bc6 28. Nxh6+ gxh6 29. Nxf6+ Kh8 30. e5 (30. Nxe8 Qxe8 31. Qc3+ Bg7 $16) 30... Bxg2 31. Kxg2) 27... gxf6 28. Qxf6 Bc8 (28... Ba8 $14) 29. Qg6+ $1 {[%mdl 1024] White has strong compensation.} Kh8 30. e5 $40 {[%mdl 128] Black must now prevent Nxh6! White goes for the king.} Re6 {[#]} 31. Qh5 $1 c4 {[#]} 32. h3 $1 Bc5+ $2 (32... Qc7 {was necessary.} 33. Bd5 c3) 33. Kh2 $18 Bf8 (33... Qc7 $142 34. Bd5 c3 35. Bxe6 (35. Qg4 Bf8 $16) 35... Bxe6 36. bxc3 Bf8) 34. Nh4 {Played: Bg2-d5} 1-0

[Event "WALTON BAN-chT 2019"]
[Site "Bangladesh"]
[Date "2019.12.15"]
[Round "8.1"]
[White "Jobava, Baadur"]
[Black "Labib, Ibrahim Hasan"]
[Result "1-0"]
[WhiteElo "2604"]
[BlackElo "2409"]
[Annotator "TA"]
[PlyCount "43"]
[EventDate "2019.12.07"]
[EventType "team-tourn"]
[EventCountry "BAN"]
[SourceTitle "playchess.com"]
[Source "ChessBase"]
[SourceQuality "1"]

{[%evp 11,43,34,57,56,90,88,114,107,116,74,112,104,104,119,112,81,101,38,228,243,245,231,209,196,262,197,325,335,330,318,358,362,534,538]} 1. e4 c6 2. c4 d5 3. cxd5 cxd5 4. exd5 Nf6 5. Qa4+ Bd7 6. Qb3 Qc7 7. Nc3 $1 {B10: Caro-Kann: 2 d3 and 2 c4} a6 (7... g6 8. Bc4 Bc8 9. Nge2 a6 10. a4 Bg7 11. d4 O-O 12. Bf4 Qa5 13. O-O Nbd7 14. h3 Ne8 {1-0 (30) Wallace,J (2367)-Sucikova,S (2139) Stockholm 2018}) 8. d4 b5 9. Nf3 {White is better.} e6 $146 ({Predecessor:} 9... Qd6 10. g3 Qb6 11. Bg2 b4 12. O-O Qa5 13. Ne5 Ra7 14. Nc4 Qd8 {1-0 (23) Kondratenko,A (2182)-Zukhba,D (2118) Sukhumi 2008}) 10. Ne5 Bd6 11. Nxd7 Qxd7 12. dxe6 fxe6 13. a4 {[%cal Ra4b5,Ba2a4,Ba4a5][%mdl 32]} b4 14. Bc4 ({Better is} 14. Ne2 $16) 14... Ke7 $2 {[#]} (14... bxc3 $14 15. Bxe6 Qc7) 15. Ne2 $18 Nc6 16. a5 Rhe8 17. Bg5 Kf8 (17... Bc7 $142 18. Qd3 (18. d5 exd5 19. Bxd5 Kf8 $16) 18... Nxa5 19. Qxh7 (19. Bxa6 Qd5 $16) 19... Kd8) 18. O-O Kg8 (18... Bc7 $142 19. Rfc1 Nxd4 20. Qxb4+ Bd6) 19. Bxf6 gxf6 20. d5 exd5 21. Bxd5+ Kh8 (21... Kg7 {was called for.} 22. Ng3 Be5) 22. Qf3 {Accuracy: White = 77%, Black = 44%.} 1-0